000 00521nam a2200217Ia 4500
003 OSt
005 20220924152809.0
006 a|||||r|||| 00| 0
007 ta
008 220923b |||||||| |||| 00| 0 guj d
024 _a344705
037 _cTextual
040 _aARTS
_cARTS
_bguj
041 _2guj
_aguj
082 _aO156,1x, J7
100 _aThakar D
_9227492
245 0 _aApna khanda kavyu
260 _c1957
942 _hO156,1x, J7
_cTEXL
_2CC
999 _c471032
_d471032